[Event "Oberwart op"]
[Site "Oberwart"]
[Date "1991.??.??"]
[Round "?"]
[White "Mitkov, Nikola"]
[Black "Kurajica, Bojan"]
[Result "0-1"]
[WhiteElo "2490"]
[BlackElo "2570"]

1.e4 c5 2.Nc3 Nc6 3.Nf3 e5 4.Bc4 Be7 5.d3 Nf6 6.Ng5 O-O 7.f4 d6 8.O-O h6
9.Nf3 exf4 10.Bxf4 Be6 11.Nd5 Qd7 12.Qd2 Bxd5 13.exd5 Nb4 14.Rae1 Rae8 15.a3 Nbxd5
16.Bxh6 gxh6 17.Qxh6 Qf5 18.Ng5 Qg6 19.Nxf7 Qxf7 20.Rf3 Qh7 21.Bxd5+ Nxd5
22.Qe6+ Kh8 23.Qxd5 Rxf3 24.Qxf3 Rf8 25.Qxb7 Qf7 26.Qf3 Qxf3 27.gxf3 Bf6
28.c3 Be5 29.Kf2 Kg7 30.h4 Rb8 31.Re2 Kf6 32.Ke1 Rh8 33.Re4 Rxh4 34.Rxh4 Bg3+
35.Ke2 Bxh4 36.Ke3 Kf5 37.b4 Bg5+ 38.Ke2 Bf6 39.Kd2 Kf4 40.d4 cxd4 41.c4 Kxf3
42.Kd3 Kf4 43.a4 Ke5 44.a5 Bd8  0-1

[Event "Oostende op"]
[Site "Oostende"]
[Date "1991.??.??"]
[Round "2"]
[White "Kovalev, Andrei"]
[Black "Martinidesz, Denes"]
[Result "1-0"]
[WhiteElo "2550"]
[BlackElo "2280"]

1.e4 c5 2.Nf3 Nc6 3.Nc3 d6 4.d4 cxd4 5.Nxd4 e5 6.Nf3 Be7 7.Bc4 Be6 8.Bb3 h6
9.Be3 Nf6 10.Nh4 Bxb3 11.axb3 Nxe4 12.Nxe4 d5 13.Nf5 dxe4 14.Nxg7+ Kf8 15.Nf5 Nb4
16.Bxh6+ Rxh6 17.Nxh6 Qb6 18.Nf5 Rd8 19.Qe2 Qg6 20.Qxe4 Rd4 21.Qxe5 Nxc2+
22.Kf1 Nxa1 23.Qh8+ Qg8 24.Qxg8+ Kxg8 25.Nxd4  1-0

[Event "Oostende op"]
[Site "Oostende"]
[Date "1991.??.??"]
[Round "4"]
[White "Kovalev, Andrei"]
[Black "Apicella, Manuel"]
[Result "1-0"]
[WhiteElo "2550"]
[BlackElo "2455"]

1.e4 c5 2.Nf3 Nc6 3.Nc3 g6 4.d4 cxd4 5.Nxd4 Bg7 6.Nde2 Nf6 7.g3 d6 8.Bg2 Bg4
9.h3 Bd7 10.O-O Qc8 11.Kh2 O-O 12.b3 b5 13.Bg5 h6 14.Be3 Nh7 15.a3 Ng5 16.f4 Nxh3
17.Qd2 Bg4 18.Rae1 h5 19.f5 gxf5 20.exf5 Ne5 21.Bxh3 Qb7 22.Bh6 Bxh6 23.Qxh6 f6
24.Nd4 Rf7 25.Bg2 Qc8 26.Rxe5 Rh7 27.Qd2 dxe5 28.Bxa8 Qxa8 29.Ne6 Kh8 30.Ng5  1-0

[Event "Oostende op"]
[Site "Oostende"]
[Date "1991.??.??"]
[Round "4"]
[White "Maahs, Erich"]
[Black "Mednis, Edmar John"]
[Result "1/2-1/2"]
[WhiteElo "2310"]
[BlackElo "2460"]

1.e4 c5 2.Nf3 Nc6 3.Nc3 d6 4.d4 cxd4 5.Nxd4 Nf6 6.f3 e5 7.Nb3 Be7 8.Be3 O-O
9.Qd2 Be6 10.Nd5 Ne8 11.O-O-O f5 12.exf5 Bxf5 13.Bd3 Bxd3 14.Qxd3 Bg5 15.Kb1 Bxe3
16.Nxe3 Qc7 17.Nd2 Rd8 18.Ne4 h6 19.Nd5 Qf7 20.c3 Ne7 21.Rhe1 b6 22.Re2 Nxd5
23.Qxd5 Qxd5 24.Rxd5 Kf7 25.Red2 Ke6 26.c4 Rf7 27.c5  1/2-1/2

[Event "Oostende op"]
[Site "Oostende"]
[Date "1991.??.??"]
[Round "8"]
[White "Kovalev, Andrei"]
[Black "Sjoberg, Mats"]
[Result "1-0"]
[WhiteElo "2550"]
[BlackElo "2350"]

1.e4 c5 2.Nf3 Nc6 3.Nc3 d6 4.d4 cxd4 5.Nxd4 Nf6 6.Bg5 e6 7.Qd2 a6 8.O-O-O h6
9.Be3 Nxd4 10.Bxd4 Be7 11.f4 b5 12.Qe3 Bb7 13.Bxf6 Bxf6 14.e5 Be7 15.exd6 Bxd6
16.Ne4 Bxe4 17.Qxe4 O-O 18.Bd3 g6 19.h4 Qf6 20.Rdf1 h5 21.g4 hxg4 22.h5 Qf5
23.Qg2 Bxf4+ 24.Kb1 Qe5 25.hxg6 f5 26.Rxf4 Qg7 27.Rxf5  1-0

[Event "Oostende op"]
[Site "Oostende"]
[Date "1991.??.??"]
[Round "8"]
[White "Wolski, Thomas"]
[Black "Mednis, Edmar John"]
[Result "0-1"]
[WhiteElo "2320"]
[BlackElo "2460"]

1.e4 c5 2.Nf3 Nc6 3.Nc3 d6 4.d4 cxd4 5.Nxd4 Nf6 6.Bc4 e6 7.Be3 Be7 8.Qe2 O-O
9.O-O-O a6 10.Bb3 Qc7 11.g4 Nxd4 12.Rxd4 b5 13.g5 Nd7 14.Qh5 g6 15.Qh6 Rd8
16.e5 Bb7 17.Rh4 Nf8 18.exd6 Bxd6 19.Ne4 Bxe4 20.Rxe4 Be5 21.Qh4 Bg7 22.Qg4 a5
23.a4 bxa4 24.Rxa4 Qe5 25.c3 Qb5 26.Ra3 Nd7 27.Qc4 Qb7 28.Rd1 Ne5 29.Ba4 Rxd1+
30.Bxd1 Nd3+ 31.Kc2 Nxb2 32.Qb3 Qxb3+ 33.Rxb3 Nxd1 34.Kxd1 a4 35.Ra3 Bf8
36.Ra2 Bd6 37.h3 Kf8 38.Bc1 Ke7 39.Kc2 Kd7 40.Kd3 Kc6 41.Kc4 Ra5 42.Be3 Be7
43.h4 Bd6 44.Bd4 a3 45.Kd3 Rb5 46.Kc2 e5 47.Be3 Kd5 48.Kd3 e4+ 49.Kc2 Kc4
50.Bd4 Rb3 51.Bf6 Bc5  0-1

[Event "Oostende op"]
[Site "Oostende"]
[Date "1991.??.??"]
[Round "9"]
[White "Canfell, Gregory"]
[Black "Sadler, Matthew"]
[Result "0-1"]
[WhiteElo "2355"]
[BlackElo "2480"]

1.e4 c5 2.Nc3 Nc6 3.Nf3 e5 4.Bb5 d6 5.Bxc6+ bxc6 6.d3 Ne7 7.b3 Ng6 8.Ne2 Bg4
9.h3 Bxf3 10.gxf3 Qf6 11.Ng1 Nh4 12.Qe2 Be7 13.Bd2 Qg6 14.Qf1 f5 15.O-O-O O-O
16.Be3 Rae8 17.Rh2 d5 18.Qe2 Kh8 19.c4 a5 20.a4 Bg5 21.Qd2 Be7 22.Qe2 Rb8
23.Kc2 Rb7 24.Bd2 Rfb8 25.Rb1 dxe4 26.dxe4 Rxb3 27.Rxb3 Rxb3 28.Kxb3 Qxg1
29.Bxa5 Qxh2 30.Bc3 Qxh3 31.Qd1 fxe4 32.fxe4 Nf3 33.a5 Nd4+ 34.Ka4 Qxc3  0-1

[Event "Pamplona"]
[Site "Pamplona"]
[Date "1991.??.??"]
[Round "5"]
[White "Fernandez Garcia, Jose L"]
[Black "Polgar, Zsuzsa"]
[Result "1/2-1/2"]
[WhiteElo "2470"]
[BlackElo "2535"]

1.e4 c5 2.Nf3 Nc6 3.Nc3 g6 4.d4 cxd4 5.Nxd4 Bg7 6.Nb3 Bxc3+ 7.bxc3 Nf6 8.Bd3 d5
9.exd5 Qxd5 10.O-O Bg4 11.Qe1 O-O  1/2-1/2

[Event "CSR-ch (Women)"]
[Site "Pardubice"]
[Date "1991.??.??"]
[Round "?"]
[White "Holoubkova, Martina"]
[Black "Skacelova Zahorovska, Libuse"]
[Result "0-1"]
[WhiteElo "2045"]
[BlackElo "2090"]

1.e4 c5 2.Ne2 Nc6 3.Nbc3 g6 4.g3 Bg7 5.Bg2 e5 6.O-O Nge7 7.d3 O-O 8.f4 d6
9.Be3 Nd4 10.Kh1 Be6 11.h3 Qd7 12.Kh2 Rac8 13.g4 f5 14.gxf5 gxf5 15.Ng3 b5
16.Nd5 exf4 17.Nxe7+ Qxe7 18.Bxf4 b4 19.Qc1 fxe4 20.dxe4 Rf7 21.Bg5 Rxf1
22.Bxe7 Rxc1 23.Rxc1 Be5 24.Bf1 Rc7 25.Bh4 Nf3+  0-1

[Event "Paris-ch"]
[Site "Paris"]
[Date "1991.??.??"]
[Round "1"]
[White "Delanoy, Arnaud"]
[Black "Pira, Davoud"]
[Result "1/2-1/2"]
[WhiteElo "2210"]
[BlackElo "2345"]

1.e4 c5 2.Nc3 Nc6 3.Nf3 e5 4.Bc4 h6 5.d3 d6 6.Nd5 Nge7 7.c3 Ng6 8.h4 Be7
9.h5 Nf8 10.Nxe7 Qxe7 11.Nh4 Be6 12.Qf3 O-O-O 13.Nf5 Bxf5 14.Qxf5+ Ne6 15.Be3 Qd7
16.Bb5 Kc7 17.d4 exd4 18.cxd4 Nexd4 19.Qxd7+ Rxd7 20.Bxd4 cxd4 21.O-O-O Re8
22.Bxc6 Kxc6 23.Rxd4 d5 24.exd5+ Rxd5 25.Rxd5 Kxd5 26.Rd1+ Kc6 27.Rd3 Re2
28.Rf3 f6 29.Rg3 Rxf2 30.Rxg7 f5 31.g4 fxg4 32.Rxg4 Rf6 33.Rg7 Rd6 34.Kc2 Rd5
35.Rg6+ Kc5 36.Rxh6 Rg5 37.a3 Rg2+ 38.Kb3 Rh2 39.Rh7 Rh3+ 40.Ka2 Kb6 41.h6 a5
42.Rh8 Kb5 43.h7 Kb6 44.a4 Rh4 45.Kb3 Rh3+ 46.Kc4 Rh4+ 47.Kd5 Rh5+  1/2-1/2

[Event "Paris-ch"]
[Site "Paris"]
[Date "1991.??.??"]
[Round "8"]
[White "Delanoy, Arnaud"]
[Black "Nepomiachty, Alexandre"]
[Result "0-1"]
[WhiteElo "2210"]
[BlackElo "2150"]

1.e4 c5 2.Nc3 Nc6 3.Nf3 Nf6 4.d4 cxd4 5.Nxd4 e5 6.Nf3 Bb4 7.Bc4 Nxe4 8.Bxf7+ Kxf7
9.Qd5+ Kf8 10.Qxe4 d5 11.Qe2 e4 12.Ng5 h6 13.Nh3 Bxh3 14.gxh3 Nd4 15.Qh5 Bxc3+
16.bxc3 Nxc2+ 17.Kf1 Nxa1 18.Rg1 Qd7 19.Rg4 Re8 20.Bf4 Nc2 21.c4 e3 22.fxe3 Nxe3+
23.Bxe3  0-1

[Event "Paris-ch"]
[Site "Paris"]
[Date "1991.??.??"]
[Round "9"]
[White "Korneev, Oleg"]
[Black "Tiviakov, Sergei"]
[Result "0-1"]
[WhiteElo "2345"]
[BlackElo "2520"]

1.e4 c5 2.Nc3 Nc6 3.Nge2 g6 4.d4 cxd4 5.Nxd4 Bg7 6.Be3 Nf6 7.Bc4 O-O 8.O-O d6
9.h3 Bd7 10.Bb3 Rc8 11.f4 a6 12.e5 dxe5 13.Nxc6 Rxc6 14.fxe5 Nh5 15.Qf3 Bxe5
16.Bxf7+ Kg7 17.g4 Rf6 18.Qd5 Bxc3 19.bxc3 R8xf7 20.Bd4 Kf8 21.Bxf6 Nxf6
22.Qd4 Qc7 23.Rf3 Bc6 24.Re3 Qd6 25.Rf1 Qd5 26.Qxd5 Nxd5 27.Ref3 Rxf3 28.Rxf3+ Ke8
29.Kf2 e5 30.c4 Nb6 31.Rc3 Ke7 32.Kg3 Kf6 33.Kh4 Na4 34.Rd3 Nb6 35.Rd8 Nxc4
36.g5+ Kg7 37.Rc8 Nb6 38.Rc7+ Nd7 39.Rc8 Kf7 40.Rd8 Nf8 41.Rc8 Ne6 42.c3 Kg7
43.Kg4 e4 44.Kg3 e3 45.a3 Kf7 46.Rb8 Ke7 47.Rc8 Nc5 48.Rc7+ Kd6 49.Rxh7 Ne4+  0-1

[Event "URS-ch Club Pavlodar"]
[Site "Pavlodar"]
[Date "1991.??.??"]
[Round "?"]
[White "Zhuravliov, Valerij"]
[Black "Schipkov, Boris"]
[Result "0-1"]
[WhiteElo "2485"]
[BlackElo "2355"]

1.e4 c5 2.Nf3 Nc6 3.Nc3 e5 4.Bb5 d6 5.Bxc6+ bxc6 6.h3 g6 7.d3 Bg7 8.O-O Ne7
9.Be3 f5 10.exf5 Bxf5 11.Nh4 O-O 12.Nxf5 Nxf5 13.Bd2 Nd4 14.Ne2 Ne6 15.c3 Rb8
16.Rb1 Rb7 17.f4 Rbf7 18.Qb3 d5 19.fxe5 Bxe5 20.Qa4 Bh2+ 21.Kxh2 Rxf1 22.Rxf1 Rxf1
23.Qxc6 Qc7+  0-1

[Event "Philadelphia World op"]
[Site "Philadelphia"]
[Date "1991.??.??"]
[Round "4"]
[White "Savage, Allan G"]
[Black "Ivanov, Alexander"]
[Result "0-1"]
[WhiteElo "2280"]
[BlackElo "2565"]

1.e4 c5 2.Nc3 Nc6 3.Nge2 d6 4.g3 g6 5.Bg2 Bg7 6.O-O Rb8 7.d3 b5 8.a3 e6 9.Rb1 b4
10.axb4 cxb4 11.Na4 Nge7 12.Be3 O-O 13.b3 Ba6 14.Qd2 Bb5 15.Nb2 d5 16.Bh6 Bxh6
17.Qxh6 Qd6 18.exd5 exd5 19.Qf4 Qxf4 20.Nxf4 Rfd8 21.Rfe1 Kf8 22.Ra1 Rbc8
23.Ne2 a6 24.c4 bxc3 25.Nxc3 Nd4 26.Nxb5 axb5 27.Ra7 Nec6 28.Rb7 Rd6 29.Nd1 Na5
30.Ra7 Naxb3 31.Ree7 Rf6 32.Bxd5 Rc1 33.Rxf7+ Rxf7 34.Rxf7+ Ke8 35.Rxh7 Rxd1+
36.Kg2 Nc5 37.Rg7 Nxd3 38.Rxg6 Rd2 39.h4 Nxf2 40.h5 Ke7 41.h6 Ne4+ 42.Kh3 Nf6
43.Rg7+ Kd6 44.Bb7 Ne6 45.h7 Nxh7 46.Rg6 Ng5+ 47.Kg4 b4 48.Rxg5 Nxg5 49.Kxg5 b3
50.Be4 b2 51.g4 Ke5  0-1

[Event "Porz op26"]
[Site "Porz"]
[Date "1991.??.??"]
[Round "3"]
[White "Kovalev, Andrei"]
[Black "Cmiel, Thorsten"]
[Result "1-0"]
[WhiteElo "2550"]
[BlackElo "2275"]

1.e4 c5 2.Nf3 Nc6 3.Nc3 g6 4.d4 cxd4 5.Nxd4 Bg7 6.Nb3 Nf6 7.Be2 a6 8.Be3 d6
9.Qd2 Ng4 10.Bxg4 Bxg4 11.Bh6 Bxc3 12.Qxc3 f6 13.O-O Be6 14.Rad1 Qb6 15.Rfe1 Kf7
16.Be3 Qb4 17.Qxb4 Nxb4 18.Nd4 Rhc8 19.c3 Nc6 20.Nxe6 Kxe6 21.f4 b5 22.Rd3 Rab8
23.Bd2 Kf7 24.Kf2 Rg8 25.Rh3 Rh8 26.Ke2 Rbd8 27.Rd3 Kg7 28.Rc1 e5 29.Rd1 Kf7
30.g4 h5 31.g5 f5 32.exf5 gxf5 33.a4 e4 34.Rg3 Kg6 35.Be3 bxa4 36.Rgg1 d5
37.Rd2 Rd7 38.Ra1 Rb8 39.Rxa4 a5 40.Rc4 dxc4 41.Rxd7 Rd8 42.Rc7 Rd6 43.Bc5  1-0

[Event "Prague Viktoria"]
[Site "Prague"]
[Date "1991.??.??"]
[Round "2"]
[White "Belaska, Premysl"]
[Black "Joecks, Christian"]
[Result "1/2-1/2"]
[WhiteElo "2320"]
[BlackElo "2355"]

1.e4 c5 2.Nc3 Nc6 3.Nf3 d6 4.d4 cxd4 5.Nxd4 e6 6.Be3 Nf6 7.Be2 Be7 8.O-O O-O
9.Kh1 a6 10.f4 Qc7 11.a4 Re8 12.Qe1 Nxd4 13.Bxd4 e5 14.fxe5 dxe5 15.Qg3 Bd8
16.Be3 Kh8 17.Rad1 Be6 18.Bg5 Be7 19.Bxf6 Bxf6 20.Bg4 Rad8 21.Qh3 Rxd1 22.Rxd1 g6
23.Qf3 Bg7 24.g3 Rf8 25.Bxe6 fxe6 26.Qe3 Bf6 27.Rf1 Kg7 28.Kg2 Qa5 29.Qd2 Qb6
30.b3 Qd4 31.Qxd4 exd4 32.Nd1 Rc8  1/2-1/2

[Event "Bohemians"]
[Site "Prague"]
[Date "1991.??.??"]
[Round "2"]
[White "Keitlinghaus, Ludger"]
[Black "Znamenacek, Kvetoslav"]
[Result "1/2-1/2"]
[WhiteElo "2400"]
[BlackElo "2340"]

1.e4 c5 2.Nc3 Nc6 3.Bb5 g6 4.Bxc6 dxc6 5.d3 Bg7 6.Be3 b6 7.Qd2 Qc7 8.Nge2 Bb7
9.O-O Nf6 10.Bf4 e5 11.Bh6 Bxh6 12.Qxh6 O-O-O 13.a3 Kb8 14.b4 Qe7 15.Qe3 Nd7
16.Rab1 Rhe8 17.f4 f6 18.fxe5 fxe5 19.b5 Rf8 20.bxc6 Bxc6 21.Nd5 Bxd5 22.exd5 Qh4
23.c4 Rf5 24.Ng3 Rxf1+ 25.Rxf1 Qd4 26.Qxd4 exd4 27.Re1 Nf6 28.h3 Re8 29.Rxe8+ Nxe8
30.Ne4 Kc7 31.Kf2 Nd6 32.Nxd6 Kxd6 33.a4 a6 34.a5 bxa5 35.Ke2 g5 36.Kd2 h5
37.Kc2 h4 38.Kb3 Kc7 39.Ka3 Kb7 40.Ka4 Kb6 41.Ka3 Kb7 42.Ka4 Kb6 43.d6 Kc6
44.Kxa5 Kxd6 45.Kxa6 Ke5 46.Kb5 Kf4 47.Kxc5 Ke3 48.Kb5 Kxd3 49.c5 Ke3 50.c6 d3
51.c7 d2 52.c8=Q d1=Q 53.Qc5+ Kf4  1/2-1/2

[Event "Bohemians"]
[Site "Prague"]
[Date "1991.??.??"]
[Round "11"]
[White "Kamber, Bruno"]
[Black "Znamenacek, Kvetoslav"]
[Result "1/2-1/2"]
[WhiteElo "2270"]
[BlackElo "2340"]

1.e4 c5 2.Ne2 Nc6 3.Nbc3 g6 4.d4 cxd4 5.Nxd4 Bg7 6.Be3 Nf6 7.Nb3 d6 8.Be2 Be6
9.O-O O-O 10.f4 Rc8 11.f5 Bd7 12.Kh1 Ne5 13.Bd4 Bc6 14.Nd2 Qa5 15.a3 Rfd8
16.Qe1 Qc7 17.Qg3 b6 18.Rae1 Qb7 19.Qh4 b5 20.b4 a6 21.Kg1 Qc7 22.Bd1 Bb7
23.Kh1 Qc6 24.Nf3 Qc4 25.Ne2 Bxe4 26.Nd2 Qd5 27.Nxe4 Nxe4 28.Qxe7 Nc6 29.Nf4 Qxd4
30.Qxe4 Qxe4 31.Rxe4 gxf5 32.Re3 Kf8 33.Nd5 Be5 34.Rh3 Ne7 35.Nxe7 Kxe7 36.Rxf5 Rc3
37.Rxc3 Bxc3 38.Rf3 Be5 39.Rh3 Ke6 40.Rxh7 f6 41.g3 Bb2 42.Ra7 Bxa3 43.Rxa6  1/2-1/2

[Event "Ptuj"]
[Site "Ptuj"]
[Date "1991.??.??"]
[Round "1"]
[White "Kolar, Srecko"]
[Black "Kurajica, Bojan"]
[Result "0-1"]
[WhiteElo "2335"]
[BlackElo "2520"]

1.e4 c5 2.Nf3 Nc6 3.Nc3 e5 4.Bc4 Be7 5.O-O d6 6.h3 g5 7.Nh2 h5 8.d3 Bf8 9.Nd5 Rb8
10.a4 Bg7 11.c3 Be6 12.Re1 g4 13.hxg4 hxg4 14.g3 Kd7 15.Nxg4 f5 16.exf5 Bxf5
17.Qf3 Be6 18.Nde3 Qg5 19.Bxe6+ Kxe6 20.Qd5+ Kd7 21.Qxd6+ Kxd6 22.Nc4+ Ke6
23.Bxg5 Kf5 24.f3 Kxg5 25.Ngxe5 Nxe5 26.Nxe5 Nh6 27.Nd7 Rbc8 28.Re4 Rhd8
29.Ne5 Bxe5 30.Rxe5+ Kf6 31.Rae1 Rxd3 32.g4 Kg7 33.Rg5+ Kf7 34.Rh5 Rc6 35.Kf2 Rf6
36.Kg2 Rd2+ 37.Kg3 Rd3 38.Kg2 Kg6 39.Rxc5 b6 40.Rce5 Rfxf3 41.Re6+ Kg7 42.Re7+ Rf7
43.R1e5 Rd2+ 44.Kh3 Rxb2 45.a5 Rb3 46.axb6 Rxc3+ 47.Kh4 axb6 48.Rg5+ Kf8
49.Re6 Rff3 50.Kh5 Nf7  0-1

[Event "Rishon Le Ziyyon"]
[Site "Rishon Le Ziyyon"]
[Date "1991.??.??"]
[Round "?"]
[White "Istratescu, Andrei"]
[Black "Veinger, Itzchak"]
[Result "1-0"]
[WhiteElo "2420"]
[BlackElo "2395"]

1.e4 c5 2.Nf3 Nc6 3.Nc3 g6 4.d4 cxd4 5.Nxd4 Bg7 6.Be3 Nf6 7.Nxc6 bxc6 8.e5 Nd5
9.Nxd5 cxd5 10.Qxd5 Rb8 11.Bxa7 Rxb2 12.Bd4 Rxc2 13.Bd3 e6 14.Qb5 Rc6 15.O-O Ba6
16.Qb3 Bxd3 17.Qxd3 O-O 18.a4 d6 19.Qe3 dxe5 20.Bxe5 Qa5 21.Bxg7 Kxg7 22.Rfc1 Rfc8
23.Rxc6 Rxc6 24.g3 Rc4 25.Qb3 Rd4 26.Qb2 e5 27.Qb3 h5 28.h4 Rb4 29.Qc2 Rd4
30.Qc6 Rb4 31.Kg2 Rd4 32.Ra3 Rg4 33.Rf3 Qa7 34.a5 Rb4 35.Qf6+ Kg8 36.Qxe5 Qa8
37.Qf6 Qa7 38.Kh2 Rb8 39.a6 Ra8 40.Rb3 Qc5 41.Rb7 Rf8 42.a7  1-0

[Event "San Fernando op"]
[Site "San Fernando"]
[Date "1991.??.??"]
[Round "?"]
[White "Papacek, Stepan"]
[Black "Franco Ocampo, Zenon"]
[Result "0-1"]
[WhiteElo "2325"]
[BlackElo "2495"]

1.e4 c5 2.Nc3 Nc6 3.Nf3 e6 4.Bb5 Nge7 5.O-O a6 6.Bxc6 Nxc6 7.d4 cxd4 8.Nxd4 d6
9.Nxc6 bxc6 10.Qg4 g6 11.Qg3 f6 12.Rd1 Be7 13.Be3 O-O 14.Na4 Rb8 15.c4 e5
16.f4 Qc7 17.b3 Kh8 18.c5 Be6 19.fxe5 dxe5 20.Rd2 Rb4 21.Rd4 Rxd4 22.Bxd4 Rd8
23.Bc3 Qd7 24.Rf1 Kg8 25.Qh4 Qd3 26.h3 Qe3+ 27.Kh2 g5 28.Qe1 Rd3 29.Qxe3 Rxe3
30.Re1 Rd3 31.Re2 h5 32.h4 gxh4 33.Be1 Bg4 34.Rd2 Re3 35.Bf2 Rxe4 36.Nb6 Kf7
37.Nc4 Be6 38.Nd6+ Bxd6 39.cxd6 Ke8 40.Bc5 Kd7 41.Kg1 f5 42.Kf2 Bd5  0-1

[Event "Santa Clara"]
[Site "Santa Clara"]
[Date "1991.??.??"]
[Round "5"]
[White "Garcia Martinez, Silvino"]
[Black "Hernandez, Gilberto"]
[Result "1/2-1/2"]
[WhiteElo "2425"]
[BlackElo "2525"]

1.e4 c5 2.Nf3 Nc6 3.Nc3 d6 4.d4 cxd4 5.Nxd4 Nf6 6.Bg5 e6 7.Qd2 Be7 8.O-O-O O-O
9.f4 h6 10.Bh4 e5 11.Nf5 Bxf5 12.exf5 exf4 13.Kb1 d5 14.Bxf6 Bxf6 15.Nxd5 Be5
16.c3 Ne7 17.Nxe7+ Qxe7 18.Bc4 Qf6 19.Qc2 Rac8 20.Qe4  1/2-1/2

[Event "Schellenberg op"]
[Site "Schellenberg"]
[Date "1991.??.??"]
[Round "3"]
[White "Podlesnik, Bogdan"]
[Black "Formanek, Edward W"]
[Result "1-0"]
[WhiteElo "2360"]
[BlackElo "2290"]

1.e4 c5 2.Nc3 Nc6 3.Nf3 g6 4.d4 cxd4 5.Nxd4 Bg7 6.Be3 Nf6 7.f4 O-O 8.Be2 d5
9.e5 Ne4 10.Nxe4 dxe4 11.Nxc6 bxc6 12.Qxd8 Rxd8 13.O-O Be6 14.g4 Bc8 15.Rad1 Be6
16.b3 f6 17.f5 Rxd1 18.Bxd1 Bc8 19.e6 Bb7 20.Be2 Rd8 21.Rd1 Rxd1+ 22.Bxd1 a6
23.Kf2 h5 24.fxg6 h4 25.Be2 Bf8 26.Kg2 Kg7 27.Kh3 Kxg6 28.Kxh4 Bc8 29.Bc4 f5
30.gxf5+ Kxf5 31.Kh5 Bg7 32.Be2 Bxe6 33.Bg4+ Ke5 34.Bxe6 Kxe6 35.Kg5 Kd5
36.c4+ Ke6 37.h3 Be5 38.h4 Bf6+ 39.Kg4 Ke5 40.h5 Bh8 41.Kg5 Bf6+ 42.Kg6 Bh8
43.h6 Bf6 44.h7 Bh8 45.Bh6  1-0

[Event "SLO-ch"]
[Site "SLO"]
[Date "1991.??.??"]
[Round "?"]
[White "Simic, Dragan"]
[Black "Marinsek, Tomaz"]
[Result "1-0"]
[WhiteElo "2255"]
[BlackElo "2220"]

1.e4 c5 2.Nf3 Nc6 3.Nc3 g6 4.d4 cxd4 5.Nxd4 Bg7 6.Be3 Nf6 7.Bc4 O-O 8.Bb3 a5
9.a4 d5 10.exd5 Nb4 11.Ndb5 Bf5 12.O-O Rc8 13.Rc1 Qd7 14.d6 e5 15.Re1 Rc6
16.Bg5 h6 17.Bxf6 Bxf6 18.Nd5 Nxd5 19.Qxd5 Rfc8 20.c3 Be6 21.Qd1 Bc4 22.Bxc4 Rxc4
23.b3 Rh4 24.Qd3 Rc5 25.Re4 Rxe4 26.Qxe4 Bg5 27.Rd1 f5 28.Qe2 Bf6 29.c4 e4
30.Qe3 b6 31.Qxh6 Kf7 32.h4 Rc8 33.h5 gxh5 34.Qxh5+ Kg7 35.Rd5 Rc5 36.Qd1  1-0

[Event "SLO-ch"]
[Site "SLO"]
[Date "1991.??.??"]
[Round "?"]
[White "Podlesnik, Bogdan"]
[Black "Osterman, Rudolf"]
[Result "1-0"]
[WhiteElo "2375"]
[BlackElo "2370"]

1.e4 c5 2.Nc3 Nc6 3.Nf3 d6 4.d4 cxd4 5.Nxd4 Nf6 6.f3 e5 7.Nb3 h6 8.Be3 Be6
9.Qd2 a6 10.O-O-O Qc7 11.Kb1 Rc8 12.g4 g6 13.h4 h5 14.g5 Nd7 15.Bh3 Na5 16.Nxa5 Qxa5
17.f4 exf4 18.Bxf4 Ne5 19.Nd5 Qxd2 20.Nf6+ Ke7 21.Rxd2 Bg7 22.Bxe5 dxe5 23.Bxe6 Kxe6
24.Rhd1 Rc6 25.Nd5 Rhc8 26.Rf1 Rf8 27.b3 b5 28.Rdf2 a5 29.c3 Rc5 30.Kc2 Rc6
31.Kd3 Rc5 32.a4 b4 33.cxb4 axb4 34.Rc2 Rfc8 35.Rxc5 Rxc5 36.Ra1 Kd6 37.Ra2 Ra5
38.Rc2 Ra7 39.Kc4  1-0

[Event "Belavenets mem op"]
[Site "Smolensk"]
[Date "1991.??.??"]
[Round "?"]
[White "Zhelnin, Vladimir V"]
[Black "Filipenko, Alexander V"]
[Result "1/2-1/2"]
[WhiteElo "2430"]
[BlackElo "2370"]

1.e4 c5 2.Nc3 Nc6 3.Nge2 d6 4.d4 cxd4 5.Nxd4 Nf6 6.Be3 Ng4 7.Bb5 Nxe3 8.fxe3 Bd7
9.O-O e6 10.Bxc6 bxc6 11.e5 Be7 12.Qh5 O-O 13.exd6 Bxd6 14.Rad1 f5 15.Rd3 Rf6
16.Qd1 Qb8 17.Nf3 e5 18.e4 f4 19.Na4 Be8 20.b3 Qc7 21.Qe2 Qe7 22.Rfd1 Bc7
23.Qd2 Rf7 24.Qc3 g5 25.h3 h5 26.Nh2 Rg7 27.g4 fxg3 28.Rxg3 Rd8 29.Rxd8 Qxd8
30.Rd3 Qe7 31.Qc4+ Kh7 32.Qa6 Qb4 33.Re3 Qd4 34.Qe2 Qa1+ 35.Nf1 g4 36.Kh2 Bd8
37.Rd3 Bg5 38.Nc5 Bf4+ 39.Kh1 gxh3 40.Ne6 Rg2 41.Qf3 Rh2+ 42.Kg1 Rg2+ 43.Kh1 Qc1
44.Rd8 Rh2+ 45.Kg1 Rg2+ 46.Kh1 Rh2+ 47.Kg1 Rg2+ 48.Kh1  1/2-1/2

[Event "Belavenets mem op"]
[Site "Smolensk"]
[Date "1991.??.??"]
[Round "?"]
[White "Balashov, Yuri S"]
[Black "Brodsky, Michail"]
[Result "1/2-1/2"]
[WhiteElo "2590"]
[BlackElo "2310"]

1.e4 c5 2.Ne2 Nc6 3.Nbc3 d6 4.d4 cxd4 5.Nxd4 Nf6 6.g3 g6 7.Bg2 Nxd4 8.Qxd4 Bg7
9.Bg5 O-O 10.Qd2 Be6 11.O-O Rc8 12.Nd5 Nxd5 13.exd5 Bf5 14.c3 Rc7 15.h3 b5
16.a3 a5 17.Rac1 Qb8 18.Rfe1 Qb7 19.Re2 Rb8 20.g4 Bc8 21.Rce1 Bf8 22.Bh6 Bg7
23.Bxg7 Kxg7 24.Qg5 f6 25.Qe3 b4 26.axb4 axb4 27.Qxe7+ Rxe7 28.Rxe7+ Kf8
29.Rxb7 Rxb7 30.c4 Ra7 31.Bf1 Bd7 32.Re3 f5 33.gxf5 Bxf5 34.Bd3 Bxd3 35.Rxd3 Ra1+
36.Kg2 Rc1 37.b3 Ke7 38.Kf3 Rc2 39.Ke3 Rb2 40.f4 Kd7 41.Ke4 Rf2 42.Rf3  1/2-1/2

[Event "St Ingbert op"]
[Site "St Ingbert"]
[Date "1991.??.??"]
[Round "7"]
[White "Galdunts, Sergey"]
[Black "Tangborn, Eric"]
[Result "1/2-1/2"]
[WhiteElo "2470"]
[BlackElo "2355"]

1.e4 c5 2.Nc3 Nc6 3.Nge2 g6 4.g3 Bg7 5.Bg2 d6 6.d3 e6 7.Be3 Nd4 8.Rb1 Ne7
9.O-O O-O 10.f4 Rb8 11.b4 cxb4 12.Rxb4 Ndc6 13.Rb1 b6 14.Nb5 a6 15.Na3 d5
16.c4 Qd6 17.Nc2 dxc4 18.dxc4 Qc7 19.Qe1 b5 20.cxb5 Rxb5 21.Rxb5 axb5 22.Qb1 Bd7
23.Rc1 Qa5 24.Bc5 Rc8 25.Ne3 h5 26.e5 Nf5 27.Nxf5 gxf5 28.Qd3 Be8 29.a3 Rd8
30.Qe3 Qa6 31.Bf3 Na5 32.Be7 Nc4 33.Qc5 Rc8 34.Qd4 Bc6 35.Bxc6 Qxc6 36.Rc3 Qe8
37.Bb4 Rd8 38.Qf2 Qc6 39.Qf3 Qb6+ 40.Kg2 Nd2 41.Qc6 Qxc6+ 42.Rxc6 Bf8 43.Nc3 Bxb4
44.axb4 Ne4 45.Nxb5 Rb8 46.Nd6 Rxb4 47.Kh3 Rb2 48.Nxe4 fxe4 49.Rc3 Re2 50.g4 hxg4+
51.Kxg4 Rxh2 52.Re3  1/2-1/2

[Event "St Martin op"]
[Site "St Martin"]
[Date "1991.??.??"]
[Round "8"]
[White "Gobet, Fernand"]
[Black "Gonzales, Jorge A"]
[Result "1-0"]
[WhiteElo "2390"]
[BlackElo "2320"]

1.e4 c5 2.Nf3 Nc6 3.Nc3 d6 4.d4 cxd4 5.Nxd4 Nf6 6.Bc4 Qb6 7.Ndb5 a6 8.Be3 Qa5
9.Nd4 e6 10.O-O Be7 11.Bb3 Bd7 12.f4 O-O 13.f5 Nxd4 14.Bxd4 exf5 15.exf5 Bc6
16.Qe1 Bd8 17.Kh1 b5 18.Qg3 Qc7 19.Rae1 Qb7 20.Re2 b4 21.Rf4 Nh5 22.Qg4 Bf6
23.Qxh5 Bxd4 24.Rxd4 bxc3 25.bxc3 Rae8 26.h3 Rxe2 27.Qxe2 Re8 28.Qd2 Qb5
29.Bc4 Qxf5 30.Rf4 Qxh3+ 31.Kg1 Qe3+ 32.Qxe3 Rxe3 33.Bxf7+ Kh8 34.Rc4 Bd7
35.Rd4 g6 36.Rxd6 Bf5 37.c4 Ra3 38.c5 Bxc2 39.c6 Rc3 40.Bd5 Bf5 41.Rd7 Rc5
42.Bf3 Rc2 43.Ra7 Bd3 44.a4 h5 45.Kh2 g5 46.c7 Bf5 47.Bxh5 Bc8 48.Ra8 Rxc7
49.Bg4 Kg7 50.Rxc8 Rb7 51.Rc4 Rb6 52.Bf3  1-0

[Event "Star Dojran"]
[Site "Star Dojran"]
[Date "1991.??.??"]
[Round "1"]
[White "Bielczyk, Jacek"]
[Black "Nedev, Trajce"]
[Result "1/2-1/2"]
[WhiteElo "2405"]
[BlackElo "2215"]

1.e4 c5 2.Nf3 Nc6 3.Nc3 Nf6 4.Bb5 Nd4 5.e5 Nxb5 6.Nxb5 Nd5 7.Ng5 f6 8.Nf3 Qb6
9.c4 a6 10.Nc3 Nxc3 11.dxc3 Qe6 12.Qd5 d6 13.Qxe6 Bxe6 14.exd6 exd6 15.b3 Kf7
16.Be3 Be7 17.O-O-O h6 18.Rhe1 b5 19.Nd2 Rhd8 20.Re2 Rd7 21.f3 Rad8 22.Rde1 Bf5
23.Bf4 Bf8 24.g4 Bh7 25.Ne4 g5 26.Be3 Bxe4 27.fxe4 Re8 28.Bf2 Rb7 29.cxb5 axb5
30.Bg3 Re6 31.Kc2 Kg6 32.Kd3 Bg7  1/2-1/2

[Event "Stavanger op"]
[Site "Stavanger"]
[Date "1991.??.??"]
[Round "3"]
[White "Nielsen, Peter Heine"]
[Black "Fossan, Erik"]
[Result "1-0"]
[WhiteElo "2445"]
[BlackElo "2285"]

1.e4 c5 2.Nc3 Nc6 3.Nge2 Nf6 4.d4 cxd4 5.Nxd4 e5 6.Ndb5 d6 7.Bg5 a6 8.Na3 b5
9.Bxf6 gxf6 10.Nd5 Bg7 11.Bd3 Ne7 12.Nxe7 Qxe7 13.c3 O-O 14.Nc2 f5 15.Qh5 f4
16.O-O-O Qe6 17.Nb4 Bb7 18.Nd5 Bxd5 19.exd5 Qh6 20.Qf5 Qg6 21.f3 Qxf5 22.Bxf5 a5
23.Kc2 b4 24.cxb4 Rfb8 25.bxa5 Rxa5 26.Kb1 e4 27.b3 e3 28.Bd3 Bc3 29.Bc4 Re8
30.a4 Re5 31.Kc2 Bb4 32.Kd3 e2 33.Rde1 Re3+ 34.Kc2 Bxe1 35.Rxe1 Kg7 36.Kd2 Ra7
37.Rxe2 Rxe2+ 38.Kxe2 Kf6 39.Kd3 Ke5  1-0

[Event "Tbilisi"]
[Site "Tbilisi"]
[Date "1991.??.??"]
[Round "?"]
[White "Gurgenidze, Bukhuti"]
[Black "Arakhamia, Ketevan"]
[Result "0-1"]
[WhiteElo "2370"]
[BlackElo "2440"]

1.e4 c5 2.Nc3 Nc6 3.Bb5 e6 4.Bxc6 bxc6 5.d3 d6 6.Nge2 g6 7.b3 Bg7 8.Bb2 Nf6
9.Qd2 O-O 10.Na4 e5 11.f4 exf4 12.Nxf4 d5 13.O-O-O dxe4 14.Nxc5 e3 15.Qb4 g5
16.Ne2 Bg4 17.Rde1 Rb8 18.Qa3 Qd5 19.h3 Bxe2 20.Rxe2 Rfe8 21.Rf1 Re5 22.Qxa7 Rbe8
23.c4 Qd6 24.b4 Rxc5 25.Qxc5 Qxd3 26.Rfe1 Ne4 27.Qxe3 Qxc4+ 28.Rc2 Bxb2+
29.Kxb2 Qxb4+ 30.Ka1 Kf8 31.Rb1 Qa5 32.Qc1 c5 33.Qb2 f6 34.Qb5 Qd8 35.Qc4 Re5
36.a4 Nd2 37.Qc3 Nxb1 38.Kxb1 Qb6+ 39.Ka2 Qe6+ 40.Kb2 Qb6+ 41.Ka3 Qe6 42.Rd2 Qe7
43.Kb3 Re3 44.Rd3 Re2 45.Rd2 Re4 46.a5 Rb4+ 47.Kc2 Kg7 48.Qd3 Qe5 49.Kd1 c4
50.Qd4 Rb1+ 51.Kc2 Qf5+ 52.Rd3 cxd3+ 53.Kxb1 Qf1+ 54.Kb2 Qe2+  0-1